MARC

LEADER 00000nam0a2200000 4500
001 321512
005 20231102003401.0
035 |a (RuTPU)RU\TPU\book\347067 
090 |a 321512 
100 |a 20160826d1950 km y0rusy50 ca 
101 1 |a rus  |c fre 
102 |a RU 
105 |a ac z 000zb 
200 1 |a Жизнь Пастера  |e пер. с фр.  |f Р. Валлери-Радо 
210 |a Москва  |c Изд-во иностранной литературы  |d 1950 
215 |a 424 с.  |c ил. 
600 1 |a Пастер  |b Л.  |f 1822-1895  |g Луи  |c французский учёный, основоположник микробиологии и иммунологии  |c иностранный член-корреспондент и почётный член Петербургской АН  |2 stltpush  |3 (RuTPU)RU\TPU\pers\6734 
606 1 |a Микробиология  |2 stltpush  |3 (RuTPU)RU\TPU\subj\42262  |9 61949 
610 1 |a ученые 
610 1 |a биологи 
610 1 |a Франция 
610 1 |a 19 век 
610 1 |a история 
610 1 |a иммунологические исследования 
610 1 |a биографические материалы 
675 |a 579  |v 4 
700 1 |a Валлери-Радо  |b Р. 
801 1 |a RU  |b 63413507  |c 20160826 
801 2 |a RU  |b 63413507  |c 20200324  |g RCR 
942 |c BK